00718cam a2200241 a 450000500170000000800410001701000290005802000260008703500270011303700120014004000130015208200060016510000220017124500420019326000360023527000810027130000280035250000110038052000760039165000030046765100030047070000030047320031230185550.0940308s1993 enkab b 001 0 eng  aENG-101636 B-425306-309 c295.00a9788184000542 aEN-85169 B-425306-309 bRBC/VEN adplbEng aN1 aDevidayal, Namita10aThe music room /cby Namita Devidayal aNoidabRandom House Indiac2008 aMind Mill Corporate Tower, 2nd Floor, Plot No 24A Sector 16A,bNoidae201301 a310p.:c20cm (pbk)bill aNovel. aBased on the story of a young Hindustani classical musician and singer. 0